000 00653nam a2200229Ia 4500
003 OSt
005 20220928103901.0
006 a|||||r|||| 00| 0
007 ta
008 220927b |||||||| |||| 00| 0 eng d
024 _a74073
037 _cTextual
040 _aSDCL
_cSDCL
_beng
041 _2eng
_aeng
082 _aQ45895, N7
100 _aAmstutz Galen
_9407485
245 0 _aInterpreting amida
_b History and orientalism in the study of pure land buddhism.
260 _aAlbany
_bState University of New York
_c1977
300 _a248p
_ccm.
942 _hQ45895, N7
_cTEXL
_2CC
999 _c723000
_d723000